Normal view
MARC view
Entry Personal Name
001 - CONTROL NUMBER
- control field: 168959
003 - CONTROL NUMBER IDENTIFIER
- control field: OSt
005 - DATE AND TIME OF LATEST TRANSACTION
- control field: 20220923230310.0
008 - FIXED-LENGTH DATA ELEMENTS
- fixed length control field: 220923|| aca||aabn | a|a d
040 ## - CATALOGING SOURCE
- Original cataloging agency: OSt
- Transcribing agency: OSt
100 ## - HEADING--PERSONAL NAME
- Personal name: ਜੋF, ਦੇਵਿੰਦਰ
670 ## - SOURCE DATA FOUND
- Source citation: Work cat.: (OSt)383757: ਜੋF, ਦੇਵਿੰਦਰ, ਹਾFੀਏ ਤੋ੍ਵ ਬਿਨਾਂ, 1980
